000 00630cam a22002173a 4500
001 39085
003 PGUSA
005 20140828083851.0
008 120309s2012||||xxu|||||s|||||000 | eng d
040 _aPGUSA
_beng
042 _adc
100 1 _aFloris, Kostas
245 1 0 _aΟ Ψυχάρης και το έργο του
_h[electronic resource] /
_cKostas Floris
260 _bProject Gutenberg,
_c2012
506 _aPublic domain in the USA.
516 _aElectronic text
653 _aPsycharis, Yannis, (1854-1929)
830 0 _aProject Gutenberg
_v39085
856 4 0 _uhttp://www.gutenberg.org/ebooks/39085
942 _cEB
999 _c268338
_d268338